| 000 | 00460 a2200157 4500 | ||
|---|---|---|---|
| 999 |
_c4525 _d4525 |
||
| 020 | _a1873942257 | ||
| 050 | _aLB 3640 MAI 1998 | ||
| 100 |
_aMaines, Barbra _eAuthor |
||
| 245 |
_aTeacher Talk / _cBarbra Maines and George Robinson |
||
| 264 |
_aMarlborough: _bLame Duck, _c1998 |
||
| 300 |
_a20p. : _bill. |
||
| 500 | _aIncludes bibliography | ||
| 650 | _aTeaching-- oral communication | ||
| 700 |
_aRobinson, George _eAuthor |
||
| 942 |
_2lcc _cBK _h3640 _iMAI _kLB |
||